| 000 | 008190000a22001930004500 | ||
|---|---|---|---|
| 020 | _a84-285-0828-3 | ||
| 041 | 0 | _aSPA | |
| 082 | 0 | 4 | _aG 173 E434s |
| 245 | 1 | 0 | _aEl sínodo de la familia. Un mensaje de esperanza : Selección de intervenciones de los Padres Sinodales / Delegación de Pastoral Familiar de la Diocesis de Madrid ; Javier Elizari basterra, Traducción y presentación de los textos |
| 260 | _aMadrid, España : Paulinas | ||
| 300 | _a245 Pag. | ||
| 505 | 0 | 0 | _atextos que tratan temas v arios -- pastoral -- moral -- paternidad responsable -- marginados -- inculturación del matrimonio -- espiritualidad -- educación |
| 650 | 1 | 4 | _aFAMILIA CRISTIANA |
| 001 | 1237 | ||
| 942 | _cBK | ||
| 999 |
_c32560 _d32560 |
||
| 336 |
_atexto _btxt _2rdacontent |
||
| 337 |
_2rdamedia _asin mediación _bn |
||
| 338 |
_2rdacarrier _avolumen _bnc |
||